000 00760nam a2200277Ia 4500
001 Para_9547
003 CHAP
008 220125s2006 xx 000 0 und d
010 _a208221
040 _cCHAP
082 _a634.44 Y3
100 _aYahia Kazuz, Elhadi
_9174560
245 _aEl mango /
_c por Elhadi Yahia Kazuz, José de Jesús Ornelas Paz y Rafael Ariza Flores
260 _aMéxico, D.F. :
_b Trillas
300 _a224 p.
650 _aMango
_970395
700 _aAriza Flores, Rafael
_97120
700 _aOrnelas Paz, José de Jesús
_9174561
901 _a634.44 Y3
902 _aM
905 _a0000002006 a 0000000000 00
910 _a2006
942 _cPARA
942 _cPARA
_d1
999 _c208221
_d208221